Fifty bedtime stories. (Record no. 115102)
[ view plain ]
| 000 -LEADER | |
|---|---|
| fixed length control field | 00553nam a2200169 a 4500 |
| 005 - DATE AND TIME OF LATEST TRANSACTION | |
| control field | 20140414132122.0 |
| 008 - FIXED-LENGTH DATA ELEMENTS--GENERAL INFORMATION | |
| fixed length control field | 121010s19uu xx 00 eng d |
| 050 ## - LIBRARY OF CONGRESS CALL NUMBER | |
| Classification number | TR |
| Item number | Fi469 1999 |
| 100 ## - MAIN ENTRY--PERSONAL NAME | |
| Personal name | Mckie, Anna |
| 245 ## - TITLE STATEMENT | |
| Title | Fifty bedtime stories. |
| 260 ## - PUBLICATION, DISTRIBUTION, ETC. (IMPRINT) | |
| Place of publication, distribution, etc | Little Venice, London : |
| Name of publisher, distributor, etc | Grandreams Limited, |
| Date of publication, distribution, etc | 1999. |
| 300 ## - PHYSICAL DESCRIPTION | |
| Extent | 93 |
| 500 ## - GENERAL NOTE | |
| General note | What a strange house. The Rocky mountain train.Buzz builds a snowman.Goodnight everybody.The Counting caterpillar. |
| 650 ## - SUBJECT ADDED ENTRY--TOPICAL TERM | |
| Topical term or geographic name as entry element | Stories-fiction. |
| 700 ## - ADDED ENTRY--PERSONAL NAME | |
| Personal name | Ken Mckie (illustrated by) |
| Withdrawn status | Lost status | Damaged status | Home library | Current library | Shelving location | Date acquired | Source of acquisition | Total Checkouts | Full call number | Barcode | Date last seen | Price effective from | Koha item type |
|---|---|---|---|---|---|---|---|---|---|---|---|---|---|
| Munich Library | Munich Library | Teachers Reference Section | 10/10/2012 | TR Fi469 1999 | M7100 | 04/14/2014 | 04/14/2014 | Books |